000 00470nam a22001577a 4500
003 SISC
005 20160928110356.0
008 160928b xxu||||| |||| 00| 0 eng d
020 _a9789710165087
050 _aHF 5630
_b.M523 2012
100 _aMendoza, Rufo R.
245 _aAccountancy research :
_btheory and practice /
_cRufo R. Mendoza.
260 _aManila :
_bDomdane Publishers,
_c2012.
300 _avi, 368 pages :
_billustrations ;
_c24 cm.
942 _2lcc
_cBK
999 _c305129
_d305129